00494nam a22001577a 450000500170000000800410001702000340005804100130009208200150010510000280012024500700014825000170021826000450023530000310028065000250031120231212125926.0231212b |||||||| |||| 00| 0 eng d a978776320486 ; 9781776320493  aEnglish  a346.2 CHR  aChristie, RH lEnglish  aChristie's : The Law of Contract in South Africa / cRH Christie  a8th Edition  aDurban : bLexisNexis (Pty) Ltd, c2022  bxii, 843 pages ; c25 cm.  aLegal practice bLaw